Statistics for 12 Months in 16 Seconds

Click here to take the quiz!

General Stats

  • This quiz has been taken 147 times
  • The average score is 8 of 12

Answer Stats

Answer% Correct
January
91%
June
85%
February
79%
July
79%
May
79%
April
70%
August
70%
March
70%
September
64%
October
45%
November
39%
December
36%

Score Distribution

Percentile by Number Answered

Percent of People with Each Score

Your Score History

You have not taken this quiz